| 000 | 00421nam a22001697a 4500 | ||
|---|---|---|---|
| 005 | 20160530142237.0 | ||
| 008 | 160530b xxu||||| |||| 00| 0 eng d | ||
| 020 | _a81-259-0898-6 | ||
| 041 | _aeng | ||
| 082 | _b6078 | ||
| 100 |
_aKumar, S. Ramesh _91395 |
||
| 245 | _aApplication Exercises | ||
| 260 |
_aNew Delhi _bVikas Publishing House (P) Ltd. _c2000 |
||
| 300 | _a156 | ||
| 650 |
_aManagement _9241 |
||
| 942 | _cBK | ||
| 999 |
_c2172 _d2171 |
||